|
|
|
|
| LEADER |
01160cam a2200289 7i4500 |
| 001 |
0000034847 |
| 005 |
20180118090000.0 |
| 007 |
##ta |
| 008 |
180118t20172017my eng |
| 022 |
0 |
# |
|a 00000
|
| 040 |
# |
# |
|a MATR
|
| 090 |
0 |
0 |
|a M 665.5025
|b MAL
|
| 100 |
0 |
# |
|a Malaysian Oil & Gas Services Council (MOGSC)
|
| 245 |
0 |
0 |
|a MOGSC MALAYSIAN OIL & GAS SERVICE COUNCIL DIRECTORY 2017.
|
| 264 |
# |
4 |
|a ♭2017.
|
| 264 |
# |
1 |
|a Kuala Lumpur:
|b Malaysian Oil & Gas Services Council (MOGSC),
|c 2017.
|
| 300 |
# |
# |
|a 219 pages:
|b illustrations;
|c 30 cm.
|
| 336 |
# |
# |
|a text
|2 rdacontent
|
| 337 |
# |
# |
|a unmediated
|2 rdamedia
|
| 338 |
# |
# |
|a volume
|2 rdacarrier
|
| 650 |
# |
0 |
|a Petroleum industry and trade --
|x Directories --
|z Malaysia
|
| 650 |
# |
0 |
|a Gas industry and trade --
|x Directories --
|z Malaysia
|
| 999 |
|
|
|a JHR000448H
|b Directories
|c Malaysia
|e MATRADE Southern Regional Office
|
| 999 |
|
|
|a PNG001156H
|b Directories
|c Malaysia
|e MATRADE Northern Regional Office
|
| 999 |
|
|
|a SBH001125H
|b Directories
|c Malaysia
|e MATRADE Sabah
|
| 999 |
|
|
|a SRW000552H
|b Directories
|c Malaysia
|e MATRADE Sarawak
|
| 999 |
|
|
|a TRG000436H
|b Directories
|c Malaysia
|e MATRADE Eastern Regional Office
|